Úsilie poľnohospodárov Stredoslovenského kraja za splnenie úloh 6. päťročného plánu

Bibliographic Details
Main Author: Bella, Igor, 1931- (Author)
Format: Article
Language:Slovak
Subjects:

MARC

LEADER 00000nab a2200000 a 4500
001 vtls000041408
003 SK-MaSNL
005 20260305042137.0
008 250422c1979 xo 0 slo
015 |a SNBRB19rr/mm-uuuuu 
035 |a CL0051503 
035 |a urn:nbn:sk:snk-ab2lpg 
035 |a (urnnbn)urn:nbn:sk:snk:ar-a02mc4 
035 |a (uuid)95e06460-49d3-438a-a492-7683b1c5eff8 
040 |a SNKBUCL  |b slo  |c SNKBUCL  |e AACR2 
041 0 |a slo 
044 |a xo  |c SK 
080 |a 631.1  |2 1981 
100 1 |a Bella, Igor,  |d 1931-  |4 aut  |9 5294 
245 1 0 |a Úsilie poľnohospodárov Stredoslovenského kraja za splnenie úloh 6. päťročného plánu  |c Igor Bella 
650 0 7 |a poľnohospodárstvo  |2 snkbucl  |9 679 
651 7 |a Stredoslovenský kraj (Slovensko)  |2 snkbucl  |9 161135 
655 7 |a články z novín a časopisov  |2 snkbucl  |9 267496 
773 0 |t Ekonomika poľnohospodárstva  |g Roč. 18, č. 8 (1979), s. 340-341 
850 |a Slovenská národná knižnica 
852 |a Slovenská národná knižnica 
954 |a odborná, vedecká literatúra pôvodná (slovenská)  |2 lita 
957 |a 5300 
958 |a article27 
958 |a RK 
958 |a OND 
958 |a EUIPO 
992 |a RBX 
999 |c 3346921  |d 3348851